1177 1565 1752 1500 1665 1135 1985 1921 1024 1216 1023 1232 1709 1519 1112 1881 1595 1849 1834 1410 1432 1312 1856 1560 1953 1221 1285 1736 1941 1038 1011 1343 1364 1954 1541 1696 1910 1389 1240 1645 1725 1169 1318 1004 1160 1312 1962 1778 1848 1523 1094 1361 1227 1770 1699 1661 1280 1433 1735 1858 1480 1066 1826 1767 1576 1061 1509 1674 1172 1202 1858 1295 1693 1737 1166 1323 1765 1087 1234 1263 1144 1480 1748 1388 1598 1792 1454 1594 1817 1575 1924 1629 1288 1278 1572 1332 1867 1369 1966 BCNSPRNW ULIB Ver.6.0+V

เปลี่ยนเป็นภาษาไทย

Change to English
 แสดงรายละเอียดบรรณานุกรม
  กลับหน้าหลัก

Brief Record : Get Marc (ISO 2709) : E-mail record : QR code < ปิดหน้าต่าง
LEADER : 00000nam 2200000uu 4500
001    13399127282
003     ULIB
008    200319s2560||||th 000 0 tha d
024 0  ^a9786164402935
041    ^atha
060  0 ^aWH100^bส654S
100 0  ^aสามารถ ภคกษมา
245 00 ^aShort note of hematology & blood cell illustrations/^cสามารถ ภคกษมา,^cสุรางค์รัตน์ ศรีสุรภานนท์,^cสุนทรี อภิบาล และ^cเฟื่องฉัตร จรินทร์ธนันต์
250    ^aพิมพ์ครั้งที่ 3
260    ^aกรุงเทพฯ :^bด่านสุทธาการพิมพ์,^c2560
300    ^a205 หน้า
650  0 ^aHematology
700 0  ^aสุรางค์รัตน์ ศรีสุรภานนท์
700 0  ^aสุนทรี อภิบาล
700 0  ^aเฟื่องฉัตร จรินทร์ธนันต์
856    ^a^zShort note of hematology & blood cell illustrations (สารบัญหนังสือ)^uhttp://110.164.66.211/ULIB6//_fulltext/bookcontent/13399114390/51350.pdf
945    ^p295^l0^i28032
945    ^p295^l0^i28033
945    ^p295^l0^i28034
945    ^p295^l0^i28035
945    ^p295^l0^i28036
999    ^aกัณชพร จุลอักษร
รายการนี้ยังไม่มีแท็ก
คุณยังไม่ได้ล็อกอิน คุณสามารถมีกิจกรรมร่วมกับเว็บไซต์ได้ แต่ต้องล็อกอินก่อน ::
  ล็อกอิน

รายการสื่อสารสนเทศ

ลำดับที่ ประเภท เลขเรียก/บาร์โค้ด สถานที่ สถานะ
1. หนังสือสำรอง
หนังสือสำรอง
WH100 ส654S ฉ.1 
  Barcode: 28032
ห้องสมุดวิทยาเขตนครสวรรค์
►นวนิยาย:l:Fiction
บนชั้น
2. วิทยาศาสตร์การแพทย์ และสุขภาพ
วิทยาศาสตร์การแพทย์ และสุขภาพ
WH100 ส654S ฉ.2 
  Barcode: 28033
ห้องสมุดวิทยาเขตนครสวรรค์
►นวนิยาย:l:Fiction
บนชั้น
3. วิทยาศาสตร์การแพทย์ และสุขภาพ
วิทยาศาสตร์การแพทย์ และสุขภาพ
WH100 ส654S ฉ.3 
  Barcode: 28034
ห้องสมุดวิทยาเขตนครสวรรค์
►นวนิยาย:l:Fiction
บนชั้น
4. วิทยาศาสตร์การแพทย์ และสุขภาพ
วิทยาศาสตร์การแพทย์ และสุขภาพ
WH100 ส654S ฉ.4 
  Barcode: 28035
ห้องสมุดวิทยาเขตนครสวรรค์
►นวนิยาย:l:Fiction
บนชั้น
5. วิทยาศาสตร์การแพทย์ และสุขภาพ
วิทยาศาสตร์การแพทย์ และสุขภาพ
WH100 ส654S ฉ.5 
  Barcode: 28036
ห้องสมุดวิทยาเขตนครสวรรค์
►นวนิยาย:l:Fiction
บนชั้น

รายการใกล้เคียง
    ผู้แต่ง [สามารถ ภคกษมา]

    หัวเรื่อง [Hematology]

BibComment


ยังไม่เคยถูกคอมเมนท์

คอมเมนท์ทรัพยากรรายการนี้
  คอมเมนท์: Short note of he..


 Copyright 2026. Bcnsprnw @Library